[Event "SVK-chT2D 1920"]
[Site "Slovakia"]
[Date "2019.11.17"]
[Round "4.6"]
[White "Gdula, Jan"]
[Black "Nadzamova, Viktoria"]
[Result "0-1"]
[WhiteElo "1705"]
[BlackElo "1980"]
[PlyCount "75"]
[EventDate "2019.10.26"]
[EventType "team-tourn"]
[EventRounds "11"]
[EventCountry "SVK"]
[SourceTitle "CBM 193 Extra"]
[Source "ChessBase"]
[SourceDate "2020.01.31"]
[SourceVersion "1"]
[SourceVersionDate "2020.01.31"]
[SourceQuality "1"]
[WhiteTeam "Presov Slavia PU"]
[BlackTeam "Kosice Slavia TU IV"]
[WhiteTeamCountry "SVK"]
[BlackTeamCountry "SVK"]

1. e4 c5 2. Nc3 e6 3. f4 d6 4. Nf3 Nc6 5. d3 g6 6. g3 Bg7 7. Be3 Nge7 8. Bg2 a6 9. Qd2 Qc7 10. 0-0 0-0 11. Nd1 b5 12. c3 Bb7 13. g4 f5 14. Nf2 Na5 15. Ng5 Rf6 16. b4 h6 17. Nf3 fxe4 18. Nxe4 Bxe4 19. bxa5 Bb7 20. g5 Rff8 21. Bh3 Nf5 22. gxh6 Bxh6 23. Ng5 Qe7 24. Rae1 e5 25. Bf2 Rae8 26. d4 cxd4 27. cxd4 e4 28. Be3 d5 29. Rc1 Nh4 30. Ne6 Nf3+ 31. Rxf3 exf3 32. Rc7 Qh4 33. Nxf8 Qxh3 34. Nd7 Bxf4 35. Nf6+ Kh8 36. Bxf4 Re1+ 37. Kf2 Qg2+ 38. Kxe1 0-1

[Event "SVK-chT2D 10/11"]
[Site "Slovakia"]
[Date "2011.02.06"]
[Round "7.4"]
[White "Hricik, Peter"]
[Black "Gdula, Jan"]
[Result "1/2-1/2"]
[WhiteElo "1961"]
[BlackElo "1915"]
[PlyCount "87"]
[EventDate "2010.10.23"]
[EventType "team-tourn"]
[EventRounds "11"]
[EventCountry "SVK"]
[SourceTitle "EXT 2019"]
[Source "ChessBase"]
[SourceDate "2018.10.10"]
[SourceVersion "1"]
[SourceVersionDate "2018.10.10"]
[SourceQuality "1"]
[WhiteTeam "Zborov Magura"]
[BlackTeam "Presov Slavia PU"]
[WhiteTeamCountry "SVK"]
[BlackTeamCountry "SVK"]

1. e4 e5 2. Nf3 Nc6 3. Bb5 a6 4. Ba4 Bc5 5. 0-0 d6 6. h3 Nf6 7. Re1 0-0 8. c3 b5 9. Bc2 Bb7 10. a3 h6 11. d4 exd4 12. cxd4 Bb6 13. Nc3 Re8 14. Qd3 Ne7 15. Bf4 Ng6 16. Bh2 c5 17. d5 c4 18. Qd2 Qc7 19. Nd4 Qc5 20. Nf5 Rad8 21. Re2 Ba5 22. Kh1 Bxc3 23. bxc3 Bc8 24. Nd4 Bd7 25. g4 Nxd5 26. exd5 Qxd5+ 27. f3 Rxe2 28. Qxe2 Re8 29. Be4 Qc5 30. Qb2 Ne5 31. Qb4 Nd3 32. Qxc5 dxc5 33. Nc2 Nf2+ 34. Kg2 Nxe4 35. fxe4 Rxe4 36. Re1 Bc6 37. Kf2 f5 38. gxf5 Rh4 39. Kg3 Rh5 40. Ne3 Be4 41. Rf1 Rg5+ 42. Kf4 Bd3 43. Rf2 Rh5 44. Kg4 1/2-1/2